О малых колебаниях материальной системы около положения равновесия

Podrobná bibliografie
Hlavní autor: Иванов М. Н. Михаил Николаевич
Shrnutí:Текст в русской дореформенной орфографии
Jazyk:ruština
Vydáno: Томск, Типо-литография Сибирского Т-ва Печатного Дела, 1916
Témata:
Médium: MixedMaterials Kniha
KOHA link:https://koha.lib.tpu.ru/cgi-bin/koha/opac-detail.pl?biblionumber=273046

MARC

LEADER 00000nam0a2200000 4500
001 273046
005 20231101234607.0
035 |a (RuTPU)RU\TPU\book\296255 
090 |a 273046 
100 |a 20141023d1916 k y0rusy50 ca 
101 0 |a rus 
102 |a RU 
105 |a y z 000zy 
200 1 |a О малых колебаниях материальной системы около положения равновесия  |f М. Н. Иванов 
210 |a Томск  |c Типо-литография Сибирского Т-ва Печатного Дела  |d 1916 
215 |a 60 с. 
300 |a Текст в русской дореформенной орфографии 
606 1 |a Колебания, теория  |2 stltpush  |3 (RuTPU)RU\TPU\subj\14673  |9 41031 
606 1 |a Аналитическая механика  |2 stltpush  |3 (RuTPU)RU\TPU\subj\28994  |9 52413 
610 1 |a теория колебаний 
610 1 |a малые колебания 
610 1 |a колебательные системы 
610 1 |a труды учёных ТПУ 
610 1 |a коллекция ТПУ 
675 |a 534.01  |v 3 
675 |a 531.01  |v 3 
700 1 |a Иванов  |b М. Н.  |c российский ученый  |c профессор ТТИ  |c зав. кафедрой математики ТИИ  |f 1873-1943  |g Михаил Николаевич  |2 stltpush  |3 (RuTPU)RU\TPU\pers\21835  |9 9174 
801 1 |a RU  |b 63413507  |c 20141023 
801 2 |a RU  |b 63413507  |c 20201207  |g RCR 
942 |c BK